000
00352pab a2200157 454500
008
180718b2002 xxu||||| |||| 00| 0 eng d
100
_a
Ilaiah, Kancha
245
_a
Challenges before Kalam
260
_c
2002
300
_a
p.10.
362
_a
25 Jun
650
_a
India - Constitution
650
_a
Presidents
773
_a
Hindu
909
_a
54327
999
_c
54327
_d
54327